مكتبة جامعة عجلون الوطنية

فهرس بحث المكتبة

Normal view MARC view
  • درويش، كمال، م.مشارك: الحماحمى، محمد محمد، م.مشارك الخولى، أمين أنور

Entry Personal Name

Number of records used in: 1

001 - CONTROL NUMBER

  • control field: 37582

003 - CONTROL NUMBER IDENTIFIER

  • control field: JO-AjAnu

005 - DATE AND TIME OF LATEST TRANSACTION

  • control field: 20230606080251.0

008 - FIXED-LENGTH DATA ELEMENTS

  • fixed length control field: 230606|| aca||aabn | a|a d

040 ## - CATALOGING SOURCE

  • Original cataloging agency: JO-AjAnu
  • Transcribing agency: JO-AjAnu

100 ## - HEADING--PERSONAL NAME

  • Personal name: درويش، كمال، م.مشارك: الحماحمى، محمد محمد، م.مشارك الخولى، أمين أنور

670 ## - SOURCE DATA FOUND

  • Source citation: Work cat.: (JO-AjAnu)19283: درويش، كمال، م.مشارك: الحماحمى، محمد محمد، م.مشارك الخولى، أمين أنور, author, الألعاب الرياضية تنظميها وإدارتها